MARC

LEADER 00000nam0a2200000 4500
001 328150
005 20250211063210.0
035 |a (RuTPU)RU\TPU\book\353850 
035 |a RU\TPU\book\353847 
090 |a 328150 
100 |a 20170213d1979 k y0rusy50 ca 
101 0 |a rus 
102 |a RU 
105 |a a z 001zy 
200 1 |a Исследование и оптимизация режимов работы теплоэнергетического оборудования ТЭС  |e тематический сборник  |f Московский энергетический институт (МЭИ) ; под ред. Ю. А. Клушина, Э. К. Аракеляна 
210 |a Москва  |c Изд-во МЭИ  |d 1979 
215 |a 134 с.  |c ил. 
225 1 |a Труды Московского энергетического института (МЭИ)  |v Вып. 408 
320 |a Библиография в конце статей 
500 1 0 |a Труды Московского энергетического института  |9 88841 
606 1 |a Тепловые электрические станции  |x Теплосиловое оборудование  |x Экономическая эффективность  |2 stltpush  |3 (RuTPU)RU\TPU\subj\59694  |9 77195 
610 1 |a теплоэлектростанции 
610 1 |a расчет 
610 1 |a режимы работы 
610 1 |a вспомогательное оборудование 
610 1 |a экономичность 
610 1 |a маневренность 
610 1 |a окружающая среда 
610 1 |a охрана 
675 |a 621.311.22.002.5:621.1  |v 3 
702 1 |a Клушин  |b Ю. А.  |4 340 
702 1 |a Аракелян  |b Э. К.  |4 340 
712 0 2 |a Московский энергетический институт (МЭИ)  |c (1930-1992)  |3 (RuTPU)RU\TPU\col\20092 
801 1 |a RU  |b 63413507  |c 20061216  |g PSBO 
801 2 |a RU  |b 63413507  |c 20170309  |g PSBO 
942 |c BK